000 00253nam a22001217a 4500
008 181203b xxu||||| |||| 00| 0 eng d
041 _aeng
080 _a910
100 _a42
101 _aGJEO
245 _aFire of Life
_cNorton,W.W
942 _2udc
_cBK
999 _c52709
_d52709